[Event "ch-IND National A"]
[Site "Calicut IND"]
[Date "2003.12.15"]
[Round "17"]
[White "Roy Chowdhury,S"]
[Black "Sundararajan,K"]
[Result "1/2-1/2"]
[WhiteElo "2421"]
[BlackElo "2446"]
[EventDate "2003.12.04"]

1. e4 c5 2. Nc3 e6 3. Nf3 d6 4. g3 Nf6 5. Bg2 Be7 6. O-O Nc6 7. Re1 Bd7 8.
b3 O-O 9. Bb2 e5 10. d3 Nd4 11. Nb1 b5 12. c3 Nxf3+ 13. Bxf3 a5 14. d4 Qc7
15. Nd2 a4 16. dxe5 dxe5 17. c4 b4 18. Nf1 Bc6 19. Qc2 Rfe8 20. Rad1 Bf8
21. Bg2 Rad8 22. Ne3 axb3 23. axb3 Bb7 24. Rxd8 Qxd8 25. Nd5 Nxd5 26. cxd5
Bd6 27. Qc4 Qb6 28. Ra1 Rb8 29. Bf1 h6 30. f4 exf4 31. e5 fxg3 32. exd6
gxh2+ 33. Kh1 Qxd6 34. Bg2 Qg3 35. Qe4 Rd8 36. Qe7 Qb8 37. Rf1 Rf8 38. Qxc5
Ba6 39. Qd4 Qg3 40. Rf3 Qg6 41. Kxh2 Re8 42. Qh4 Re4 43. Qg3 Rg4 44. Qb8+
Kh7 45. Rg3 Rh4+ 46. Rh3 Rxh3+ 47. Kxh3 Qh5+ 48. Kg3 Qg5+ 49. Kh2 Qh4+ 50.
Kg1 Qe1+ 51. Kh2 Qh4+ 1/2-1/2

[Event "ch-IND National A"]
[Site "Calicut IND"]
[Date "2003.12.15"]
[Round "17"]
[White "Thipsay,P"]
[Black "Barua,D"]
[Result "1/2-1/2"]
[WhiteElo "2486"]
[BlackElo "2528"]
[EventDate "2003.12.04"]

1. e4 e6 2. d4 d5 3. e5 c5 4. c3 Nc6 5. Nf3 Qb6 6. a3 Nh6 7. b4 cxd4 8.
cxd4 Nf5 9. Bb2 Bd7 10. g4 Nfe7 11. Nc3 Na5 12. Nd2 Rc8 13. Rc1 Ng6 14. h4
Be7 15. g5 h6 16. gxh6 Rxh6 17. h5 Nf8 18. Rc2 Nc4 19. Nxc4 dxc4 20. Bc1
Rh8 21. Qg4 a5 22. b5 Rh7 23. Bg2 f5 24. exf6 gxf6 25. h6 a4 26. Bf3 Kd8
27. Be3 Bxa3 28. Qg8 Qd6 29. Kf1 Kc7 30. Ne4 Qb4 31. Kg2 Qe7 32. Rxc4+ Kb8
33. Qg3+ e5 34. dxe5 fxe5 35. Bg5 Qe6 36. Rxa4 Bb2 37. Nf6 Rc3 38. Re4 Rb3
39. Nxh7 Nxh7 40. Bc1 Rxf3 41. Qxf3 Qg6+ 42. Kh2 Bxc1 43. Rxc1 Qxh6+ 44.
Kg2 Qxc1 45. Qg3 Qc7 46. Qg8+ Bc8 47. b6 Qe7 48. Qg3 Nf6 49. Rxe5 Qd6 50.
Re1 Qxg3+ 51. fxg3 Nd5 52. Rb1 Bf5 53. Rb5 Be4+ 54. Kh3 Kc8 55. g4 Kd7 56.
g5 Kc6 57. Rb2 Nxb6 58. Kg4 Nc4 59. Re2 Bd3 60. Re1 b5 61. Kh5 b4 62. g6 b3
63. g7 Bh7 64. Kh6 Bg8 65. Kg6 b2 66. Rb1 Kd5 67. Kf6 Kd6 68. Rd1+ Kc5 69.
Ke7 Nd2 70. Kf8 Bc4 71. g8=Q Bxg8 72. Kxg8 Kc4 73. Kf7 Kd3 74. Ke6 Ke2 75.
Rg1 Kf2 76. Rd1 Ke3 77. Kd5 Kd3 78. Rh1 Kc3 79. Kc6 Kc4 80. Kd7 1/2-1/2

[Event "ch-IND National A"]
[Site "Calicut IND"]
[Date "2003.12.15"]
[Round "17"]
[White "Bakre,T"]
[Black "Sandipan,C"]
[Result "1/2-1/2"]
[WhiteElo "2443"]
[BlackElo "2504"]
[EventDate "2003.12.04"]

1. e4 e5 2. Nf3 Nc6 3. Bb5 Nf6 4. O-O Nxe4 5. Re1 Nd6 6. Nxe5 Nxe5 7. Rxe5+
Be7 8. Bd3 O-O 9. Nc3 Bf6 10. Re3 g6 11. b3 b6 12. Ba3 Bb7 13. Bxd6 cxd6
14. Qg4 d5 15. Re2 d4 16. Ne4 Bxe4 17. Qxe4 Re8 18. Qxe8+ 1/2-1/2

[Event "ch-IND National A"]
[Site "Calicut IND"]
[Date "2003.12.15"]
[Round "17"]
[White "Srinivasa Rao,M"]
[Black "Sareen,V"]
[Result "1/2-1/2"]
[WhiteElo "2329"]
[BlackElo "2367"]
[EventDate "2003.12.04"]

1. Nf3 d5 2. d4 Nf6 3. c4 c6 4. cxd5 cxd5 5. Nc3 Nc6 6. Bf4 Bf5 7. e3 e6 8.
Be2 Be7 9. h3 h6 10. O-O O-O 1/2-1/2

[Event "ch-IND National A"]
[Site "Calicut IND"]
[Date "2003.12.16"]
[Round "18"]
[White "Sareen,V"]
[Black "Ravi,Th"]
[Result "0-1"]
[WhiteElo "2367"]
[BlackElo "2380"]
[EventDate "2003.12.04"]

1. e4 e5 2. Nf3 Nc6 3. Bb5 a6 4. Ba4 Nf6 5. O-O Be7 6. Re1 b5 7. Bb3 d6 8.
c3 O-O 9. h3 Nd7 10. d4 Bf6 11. a4 Bb7 12. Be3 Na5 13. Bc2 Nc4 14. Bc1 d5
15. exd5 exd4 16. Nxd4 Nc5 17. Nc6 Qd6 18. axb5 axb5 19. Rxa8 Bxa8 20. Nb4
Na6 21. Nxa6 Qxa6 22. b3 Nb6 23. d6 cxd6 24. Qd3 g6 25. Qxd6 Bg7 26. Ba3
Qb7 27. f3 Nd5 28. c4 bxc4 29. bxc4 Qa7+ 30. Kh1 Qf2 31. Rg1 Ne3 32. Be4
Bxe4 33. fxe4 Nxc4 34. Qc5 Qg3 35. Rd1 Ne3 36. Rd2 Qe1+ 0-1

[Event "ch-IND National A"]
[Site "Calicut IND"]
[Date "2003.12.16"]
[Round "18"]
[White "Sandipan,C"]
[Black "Thipsay,P"]
[Result "1-0"]
[WhiteElo "2504"]
[BlackElo "2486"]
[EventDate "2003.12.04"]

1. e4 e5 2. Nf3 Nc6 3. Bb5 a6 4. Ba4 Nf6 5. O-O Be7 6. Re1 b5 7. Bb3 O-O 8.
c3 d6 9. d4 Bg4 10. Be3 exd4 11. cxd4 Na5 12. Bc2 c5 13. h3 cxd4 14. Bxd4
Bh5 15. g4 Bg6 16. Nh4 Nc6 17. Nf5 Bxf5 18. exf5 Rc8 19. Bb3 d5 20. Nc3 b4
21. Bxf6 Bxf6 22. Nxd5 Bxb2 23. Rb1 Bf6 24. Re4 a5 25. Rc1 Na7 26. Rxc8
Nxc8 27. Nxf6+ Qxf6 28. Qd5 Nd6 29. Re3 Rb8 30. Qxa5 h5 31. Qd5 Nb5 32. Qd7
Nd6 33. Qe7 Qxe7 34. Rxe7 hxg4 35. hxg4 Kf8 36. Rd7 Rb6 37. g5 f6 38. g6
Nxf5 39. Rf7+ Ke8 40. Bc2 Nh6 41. Ba4+ Kd8 42. Rd7+ Kc8 43. Rxg7 f5 44. Be8
Kd8 45. Ba4 Kc8 46. Kg2 Ra6 47. Bb3 Kd8 48. Kg3 Ke8 49. Kh4 Kf8 50. Rh7 1-0

[Event "ch-IND National A"]
[Site "Calicut IND"]
[Date "2003.12.16"]
[Round "18"]
[White "Barua,D"]
[Black "Das,A"]
[Result "1-0"]
[WhiteElo "2528"]
[BlackElo "2299"]
[EventDate "2003.12.04"]

1. e4 c6 2. d4 d5 3. exd5 cxd5 4. c4 Nf6 5. Nc3 Nc6 6. Bg5 dxc4 7. d5 Ne5
8. Qd4 Nd3+ 9. Bxd3 cxd3 10. Qxd3 e6 11. Rd1 exd5 12. Bxf6 gxf6 13. Nxd5
Qa5+ 14. Ke2 Bg7 15. b4 Qd8 16. Nf3 O-O 17. Rhe1 Kh8 18. Kf1 Be6 19. a3 Qd6
20. Ne3 Qc7 21. Rc1 Qf4 22. Qd4 Bh6 23. Rc5 Rad8 24. Qb2 Bg7 25. Rh5 Qd6
26. Qc2 Qd3+ 27. Qxd3 Rxd3 28. Ra5 a6 29. Rc1 Rfd8 30. Ke2 Bf8 31. g4 Kg8
32. Rc2 R3d7 33. Nd2 Kg7 34. Ne4 Rd4 35. Ng3 Kg8 36. h3 Bc8 37. Ngf5 R4d7
38. Nd5 Rxd5 39. Rxd5 Rxd5 40. Rxc8 Re5+ 41. Kd3 a5 42. f4 Re1 43. h4 axb4
44. axb4 h5 45. gxh5 Rf1 46. Ke3 Re1+ 47. Kf2 Re4 48. Kf3 Rxb4 49. h6 Rb1
50. Ke4 1-0

[Event "ch-IND National A"]
[Site "Calicut IND"]
[Date "2003.12.16"]
[Round "18"]
[White "Sundararajan,K"]
[Black "Neelotpal,D"]
[Result "1/2-1/2"]
[WhiteElo "2446"]
[BlackElo "2443"]
[EventDate "2003.12.04"]

1. Nf3 Nf6 2. c4 c5 3. Nc3 Nc6 4. g3 d5 5. d4 cxd4 6. Nxd4 dxc4 7. Nxc6
Qxd1+ 8. Nxd1 bxc6 9. Bg2 Nd5 10. Ne3 e6 11. Nxc4 Ba6 12. Na5 Rc8 13. Bd2
Be7 14. Rc1 c5 15. b3 O-O 16. O-O Rfd8 17. Rfe1 Bb5 18. e4 Nb6 19. Be3 c4
20. Nxc4 Nxc4 1/2-1/2

[Event "ch-IND National A"]
[Site "Calicut IND"]
[Date "2003.12.16"]
[Round "18"]
[White "Roktim,B"]
[Black "Hariharan,V"]
[Result "1/2-1/2"]
[WhiteElo "2352"]
[BlackElo "2245"]
[EventDate "2003.12.04"]

1. d4 d5 2. c4 e6 3. Nf3 Nf6 4. Nc3 Be7 5. g3 O-O 6. Bg2 c6 7. O-O Nbd7 8.
b3 b6 9. Bb2 Bb7 10. Nd2 c5 11. cxd5 exd5 12. Nc4 cxd4 13. Qxd4 dxc4 14.
Bxb7 Nc5 15. Qxd8 Raxd8 16. Bf3 cxb3 17. axb3 Nxb3 18. Rxa7 Bc5 19. Na4 Nd2
20. Bxf6 gxf6 21. Nxc5 Nxf1 22. Nd7 Nd2 23. Kg2 Nxf3 24. Kxf3 Ra8 25. Rb7
Rfd8 26. Nxf6+ Kg7 27. Rxb6 Rab8 28. Nh5+ Kg8 29. Rxb8 Rxb8 30. h4 h6 31.
e4 Kf8 32. Kg4 Ke7 33. Kf5 Rb3 34. f4 Rb5+ 35. e5 Rb3 36. Kg4 Kf8 37. Nf6
Re3 38. Nh5 Ra3 39. Kf5 Rb3 40. Kg4 Ra3 41. Nf6 Re3 42. f5 Kg7 43. Kf4 Ra3
44. Nh5+ Kf8 45. f6 Rb3 46. Ke4 Ra3 47. Kf5 Re3 48. Kf4 Rb3 49. Ng7 Rb4+
50. Kf5 Rb3 51. g4 Rh3 52. e6 Rf3+ 53. Ke5 fxe6 54. Kxe6 Rg3 55. Kf5 Kf7
56. g5 hxg5 57. hxg5 Rf3+ 58. Ke5 Re3+ 59. Kf4 Ra3 60. Nh5 Ra4+ 61. Kf5
Ra5+ 62. Kg4 Ra6 1/2-1/2

[Event "ch-IND National A"]
[Site "Calicut IND"]
[Date "2003.12.16"]
[Round "19"]
[White "Koneru,H"]
[Black "Roktim,B"]
[Result "1/2-1/2"]
[WhiteElo "2485"]
[BlackElo "2352"]
[EventDate "2003.12.04"]

1. d4 d6 2. c4 e5 3. Nf3 e4 4. Ng5 Nf6 5. Nc3 Bf5 6. Qc2 h6 7. Ngxe4 Nxe4
8. Nxe4 Qh4 9. Nxd6+ Bxd6 10. Qxf5 Bb4+ 11. Kd1 Qxd4+ 12. Qd3 Qxf2 13. Qe4+
Be7 14. Be3 Qf6 15. Bd4 Qd6 16. c5 Qd7 17. e3 Nc6 18. Bb5 O-O 19. Bxc6 bxc6
20. Kc2 f5 21. Qd3 Qd5 22. Qb3 Rab8 23. Qxd5+ cxd5 24. Rhd1 c6 25. Rd3 Rb5
26. a4 Rb4 27. g3 g6 28. Raa3 Rfb8 29. Ra1 h5 30. b3 Kf7 31. Rb1 R4b7 32.
Be5 Re8 33. Bd4 Reb8 34. Be5 Re8 35. Bd4 1/2-1/2

[Event "ch-IND National A"]
[Site "Calicut IND"]
[Date "2003.12.16"]
[Round "19"]
[White "Bakre,T"]
[Black "Sundararajan,K"]
[Result "1-0"]
[WhiteElo "2443"]
[BlackElo "2446"]
[EventDate "2003.12.04"]

1. e4 e5 2. Nf3 Nc6 3. Bb5 Nf6 4. O-O Nxe4 5. Re1 Nd6 6. Nxe5 Be7 7. Bf1
O-O 8. d4 Nf5 9. d5 Nxe5 10. Rxe5 d6 11. Re1 Bf6 12. Nc3 c6 13. Ne4 Be5 14.
c3 Bd7 15. dxc6 Bxc6 16. Bd3 g6 17. Ng5 Qd7 18. Qg4 Ng7 19. Qh4 h5 20. f4
Bf6 21. Qf2 Rfe8 22. Be3 a6 23. Bd4 Bxd4 24. Qxd4 Rxe1+ 25. Rxe1 Re8 26.
Rxe8+ Qxe8 27. Kf2 Qe7 28. g3 Ne6 29. Qe3 Qf6 30. Nxe6 fxe6 31. Bc4 d5 32.
Be2 h4 33. Qe5 hxg3+ 34. hxg3 Kg7 35. Ke3 g5 36. Kd4 gxf4 37. gxf4 Kf7 38.
Bh5+ Ke7 39. Kc5 Qxe5 40. fxe5 Kd7 41. Bg4 Ke7 42. Kb6 Kd7 43. b3 d4 44.
cxd4 Bd5 45. Be2 Bc6 46. Bc4 Be4 47. a4 Bc6 48. a5 Be4 49. b4 Bf3 50. Kc5
Bg4 51. d5 exd5 52. Bxd5 Kc7 53. Bf7 Bd1 54. Bg8 Bc2 55. e6 Ba4 56. e7 Be8
57. Bb3 Kb8 58. Kd6 Kc8 59. Be6+ Kb8 60. Bd7 Bf7 61. e8=Q+ Bxe8 62. Bxe8
Ka7 63. Kc7 Ka8 64. Bg6 Ka7 65. Be4 1-0

[Event "ch-IND National A"]
[Site "Calicut IND"]
[Date "2003.12.16"]
[Round "19"]
[White "Neelotpal,D"]
[Black "Ganguly,S"]
[Result "0-1"]
[WhiteElo "2443"]
[BlackElo "2531"]
[EventDate "2003.12.04"]

1. c4 e5 2. g3 Nf6 3. Bg2 d5 4. cxd5 Nxd5 5. Nf3 Nc6 6. Nc3 Nb6 7. O-O Be7
8. Rb1 a5 9. b3 O-O 10. Bb2 Bg4 11. d3 Qd7 12. Rc1 f5 13. Nd2 Rad8 14. Nc4
Nxc4 15. dxc4 Nd4 16. f3 Bh5 17. e3 Ne6 18. Qxd7 Rxd7 19. Nd5 Bc5 20. Rcd1
Rdd8 21. Rfe1 e4 22. fxe4 Bxd1 23. exf5 Ng5 24. Rxd1 c6 25. h4 Nf7 26. Bd4
Bd6 27. Bb6 cxd5 28. Bxd5 Be7 29. Bxd8 Rxd8 30. Rd4 Kf8 31. Kg2 b6 32. Rd1
Ne5 33. Kh3 Bc5 34. e4 h5 35. Kg2 Ke7 36. Kf1 Kf6 37. Ke2 Ng4 38. Rd3 Ke5
0-1

[Event "ch-IND National A"]
[Site "Calicut IND"]
[Date "2003.12.16"]
[Round "19"]
[White "Das,A"]
[Black "Sandipan,C"]
[Result "0-1"]
[WhiteElo "2299"]
[BlackElo "2504"]
[EventDate "2003.12.04"]

1. e4 c5 2. Nf3 e6 3. b3 d6 4. d4 Nf6 5. Bd3 cxd4 6. Nxd4 g6 7. Bb2 Bg7 8.
O-O O-O 9. c4 b6 10. Nd2 Bb7 11. Re1 Nbd7 12. Bf1 a6 13. b4 Re8 14. Qb3 Rc8
15. N4f3 Qc7 16. Rad1 Ne5 17. Nxe5 dxe5 18. f3 Nd7 19. Bc3 Nb8 20. Qb2 a5
21. a3 Nc6 22. Nb3 Red8 23. Kh1 a4 24. Na1 Rxd1 25. Rxd1 Nd4 26. Nc2 f5 27.
Bd3 Nxc2 28. Qxc2 Ba6 29. b5 Bxb5 30. cxb5 Qxc3 31. Qxa4 Bf8 32. Bb1 Rc4
33. Qa8 Qd2 34. Rf1 Rc1 35. Bd3 Rxf1+ 36. Bxf1 Qf2 0-1

[Event "ch-IND National A"]
[Site "Calicut IND"]
[Date "2003.12.16"]
[Round "19"]
[White "Thipsay,P"]
[Black "Singh,SV"]
[Result "1-0"]
[WhiteElo "2486"]
[BlackElo "2342"]
[EventDate "2003.12.04"]

1. e4 e5 2. Nf3 Nf6 3. d4 Nxe4 4. Bd3 d5 5. Nxe5 Nd7 6. Nxd7 Bxd7 7. O-O
Qh4 8. c4 O-O-O 9. c5 g5 10. Be3 f5 11. f3 f4 12. fxe4 fxe3 13. g3 Qh6 14.
e5 Be7 15. Nc3 c6 16. Qe2 Rdf8 17. Qxe3 Qg7 18. Rxf8+ Rxf8 19. Rf1 Rxf1+
20. Kxf1 h5 21. Qf2 h4 22. Bf5 hxg3 23. Bxd7+ Kxd7 24. Qf5+ Kd8 25. hxg3
Qh6 26. Kg2 g4 27. Qxg4 Qd2+ 28. Ne2 Qxb2 29. Kf2 Qc2 30. Qg8+ Kc7 31. Qe8
Qf5+ 32. Nf4 Qd7 33. Qf7 1-0

[Event "ch-IND National A"]
[Site "Calicut IND"]
[Date "2003.12.16"]
[Round "19"]
[White "Roy Chowdhury,S"]
[Black "Ramesh,R"]
[Result "1/2-1/2"]
[WhiteElo "2421"]
[BlackElo "2466"]
[EventDate "2003.12.04"]

1. e4 c5 2. Nc3 Nc6 3. g3 g6 4. Bg2 Bg7 5. d3 d6 6. Nf3 e6 7. O-O Nge7 8.
Be3 e5 9. Qd2 O-O 10. Nh4 Nd4 11. f4 exf4 12. Bxf4 Be6 13. Nd5 Nxd5 14.
exd5 Bg4 15. Bg5 Qd7 16. c3 Nf5 17. Nxf5 Bxf5 18. Rae1 Rae8 19. Be3 b5 20.
d4 c4 1/2-1/2

[Event "ch-IND National A"]
[Site "Calicut IND"]
[Date "2003.12.16"]
[Round "19"]
[White "Suvrajit,S"]
[Black "Barua,D"]
[Result "0-1"]
[WhiteElo "2387"]
[BlackElo "2528"]
[EventDate "2003.12.04"]

1. d4 Nf6 2. c4 e6 3. Nf3 d5 4. e3 Nbd7 5. Nc3 c6 6. Bd3 dxc4 7. Bxc4 b5 8.
Bd3 Bd6 9. e4 e5 10. Bg5 a6 11. dxe5 Nxe5 12. Nxe5 Bxe5 13. f4 Bd4 14. e5
h6 15. exf6 hxg5 16. fxg7 Bxg7 17. Qe2+ Kf8 18. O-O-O Qf6 19. fxg5 Qxg5+
20. Qd2 Qc5 21. Kb1 Be6 22. Qc2 Rh4 23. g3 Rb4 24. Rc1 Rd8 25. Rhf1 Rxb2+
26. Qxb2 Rxd3 27. Ne4 Qd5 28. Nf6 Bxf6 29. Rxf6 Rd2 30. Qa3+ b4 31. Qxb4+
Kg7 0-1

[Event "ch-IND National A"]
[Site "Calicut IND"]
[Date "2003.12.16"]
[Round "19"]
[White "Ravi,Th"]
[Black "Venkatesh,M"]
[Result "1-0"]
[WhiteElo "2380"]
[BlackElo "2401"]
[EventDate "2003.12.04"]

1. e4 c5 2. c3 Qa5 3. Nf3 Nc6 4. Bc4 d6 5. Qe2 Nf6 6. h3 e6 7. O-O Be7 8.
d4 cxd4 9. cxd4 O-O 10. Nc3 a6 11. e5 dxe5 12. dxe5 Nd7 13. Re1 b5 14. Bd3
Nc5 15. Bc2 Bb7 16. Ng5 h6 17. Nge4 Nd4 18. Qg4 Nxc2 19. Bxh6 g6 20. Nf6+
Bxf6 21. exf6 Nd7 22. Qg5 Rfc8 23. Nd5 Rc5 24. Bf8 Qd8 25. Qh6 1-0

[Event "ch-IND National A"]
[Site "Calicut IND"]
[Date "2003.12.17"]
[Round "20"]
[White "Singh,SV"]
[Black "Das,A"]
[Result "0-1"]
[WhiteElo "2342"]
[BlackElo "2299"]
[EventDate "2003.12.04"]

1. d4 Nf6 2. c4 e6 3. Nc3 Bb4 4. e3 b6 5. Nge2 c5 6. a3 Ba5 7. Rb1 Na6 8.
Bd2 O-O 9. d5 exd5 10. Nxd5 Nxd5 11. cxd5 Bxd2+ 12. Qxd2 b5 13. Nf4 Rb8 14.
Be2 d6 15. Bd3 c4 16. Bc2 Nc5 17. O-O Re8 18. b3 cxb3 19. Bxb3 Bf5 20. Rb2
Qf6 21. Ne2 Bd3 22. Ba2 Ne4 23. Qb4 a5 24. Qd4 Qxd4 25. Nxd4 Bxf1 26. Kxf1
Nc3 27. Nc6 Rb6 28. Rc2 Nxa2 29. Rxa2 Ra8 30. Ke2 Kf8 31. Rb2 Ke8 32. a4 b4
33. Kd3 Kd7 34. Kc4 Rc8 35. e4 Rbxc6+ 36. dxc6+ Rxc6+ 37. Kb5 Rc5+ 38. Kb6
f5 39. f3 fxe4 40. fxe4 Ke6 41. Rd2 Ke5 42. Ka6 Kxe4 43. Rxd6 Rd5 44. Rc6
Kd3 45. Rc7 b3 46. Rxg7 b2 47. Rb7 Kc2 48. Rc7+ Kb3 49. Rxh7 Kxa4 50. Rb7
Ka3 51. g4 a4 52. h4 Rd4 53. h5 Rb4 0-1

[Event "ch-IND National A"]
[Site "Calicut IND"]
[Date "2003.12.17"]
[Round "20"]
[White "Harikrishna,P"]
[Black "Prathamesh,S"]
[Result "1-0"]
[WhiteElo "2570"]
[BlackElo "2379"]
[EventDate "2003.12.04"]

1. d4 Nf6 2. c4 e6 3. Nf3 b6 4. e3 Bb7 5. Bd3 d5 6. O-O Nbd7 7. cxd5 exd5
8. Nc3 Bd6 9. Qc2 O-O 10. Nb5 Qe7 11. a4 Rfc8 12. Nxd6 Qxd6 13. b4 Qxb4 14.
a5 a6 15. Ba3 Qxa5 16. Be7 Qxa1 17. Rxa1 c6 18. Ne5 g6 19. Nxd7 Nxd7 20. e4
Re8 21. exd5 cxd5 22. Qc7 Rxe7 23. Qxb7 Rae8 24. Qxa6 Re1+ 25. Bf1 Nf6 26.
Rxe1 Rxe1 27. Qxb6 Ne4 28. Qb8+ Kg7 29. Qe5+ 1-0

[Event "ch-IND National A"]
[Site "Calicut IND"]
[Date "2003.12.17"]
[Round "20"]
[White "Kunte,A"]
[Black "Koneru,H"]
[Result "1/2-1/2"]
[WhiteElo "2535"]
[BlackElo "2485"]
[EventDate "2003.12.04"]

1. c4 e5 2. Nc3 Nf6 3. e3 Nc6 4. a3 d5 5. cxd5 Nxd5 6. Qc2 a6 7. Nf3 Be7 8.
Be2 O-O 9. O-O Be6 10. d3 f5 11. Bd2 Nb6 12. Rfe1 Kh8 13. b4 Bf6 14. Rab1
Qd7 15. Red1 Qf7 16. Be1 Rfe8 17. Nd2 Nd4 18. exd4 exd4 19. Nce4 fxe4 20.
dxe4 Rac8 21. Nb3 Bxb3 22. Rxb3 Rxe4 23. Rh3 Rh4 24. Rxh4 Bxh4 25. Rxd4 Bf6
26. Rd1 Re8 27. g3 c6 28. a4 Nd5 29. Bf3 Qe7 30. Qb3 Qe5 31. b5 axb5 32.
axb5 Nc3 33. Bxc3 Qxc3 34. Qxc3 Bxc3 35. bxc6 bxc6 36. Bxc6 Re1+ 37. Rxe1
Bxe1 38. f4 Kg8 39. Kg2 Kf7 40. Kf3 Kf6 41. Kg4 Bd2 42. h4 Be1 43. Kh3 Bd2
44. Kg2 Be1 45. Kf3 h6 46. Ke4 1/2-1/2

[Event "ch-IND National A"]
[Site "Calicut IND"]
[Date "2003.12.17"]
[Round "20"]
[White "Barua,D"]
[Black "Hariharan,V"]
[Result "1-0"]
[WhiteElo "2528"]
[BlackElo "2245"]
[EventDate "2003.12.04"]

1. e4 e6 2. d4 d5 3. Nd2 c5 4. exd5 exd5 5. Ngf3 Nc6 6. Bb5 Bd6 7. O-O Nge7
8. dxc5 Bxc5 9. c4 dxc4 10. Ne4 Qb6 11. Bxc4 O-O 12. Nxc5 Qxc5 13. Be2 Bf5
14. Qa4 Rad8 15. Be3 Qc2 16. Qxc2 Bxc2 17. Bc5 Bd3 18. Rfe1 Rfe8 19. Bd1 h6
20. Ba4 b5 21. Bb3 a5 22. a4 Ng6 23. Rxe8+ Rxe8 24. Bd5 Rc8 25. axb5 Bxb5
26. Be3 a4 27. Rc1 Nge7 28. Bc4 Bxc4 29. Rxc4 Rb8 30. Bc1 Rb4 31. Rc5 Nd4
32. Nxd4 Rxd4 33. Kf1 f5 34. Ke2 Kf7 35. Rc7 Ke6 36. Bd2 g5 37. Ra7 Nc6 38.
Rh7 Re4+ 39. Kf1 Rh4 40. h3 Ne5 41. g3 Rxh3 42. Bxg5 Nf7 43. Bd2 Rh1+ 44.
Ke2 Rb1 45. Bc3 Ra1 46. Rg7 a3 47. Rg6+ Kd5 48. bxa3 Rxa3 49. Bg7 Ra2+ 50.
Kf1 Ra4 51. Rf6 Nd6 52. Bxh6 Ra2 53. Kg1 Ke5 54. Bg7 Re2 55. Rf8+ Ke6 56.
Bd4 Ne4 57. Ra8 Kd5 58. Rd8+ Ke6 59. Be3 Ke7 60. Rd3 Ke6 61. Ra3 Rc2 62.
Kg2 Rc6 63. Kf3 Nf6 64. Ra5 Nd5 65. Bd4 Kd6 66. Kg2 Ke6 67. Kh3 Kd6 68. f4
Ke6 69. Kh4 Ne7 70. Bc5 Rc8 71. Ra6+ Nc6 72. Bd4 Kd5 73. Bf6 Ke6 74. Ba1
Kd5 75. Ra3 Ke4 76. Kg5 Rg8+ 77. Kf6 Rf8+ 78. Ke6 Nd8+ 79. Kd7 Rg8 80. Ra8
Rxg3 81. Ra4+ Kf3 82. Kxd8 Rg6 83. Ke7 1-0

[Event "ch-IND National A"]
[Site "Calicut IND"]
[Date "2003.12.17"]
[Round "20"]
[White "Ramesh,R"]
[Black "Neelotpal,D"]
[Result "1-0"]
[WhiteElo "2466"]
[BlackElo "2443"]
[EventDate "2003.12.04"]

1. e4 e6 2. d4 d5 3. Nd2 Nf6 4. e5 Nfd7 5. c3 c5 6. Bd3 Nc6 7. Ngf3 g6 8.
h4 Qb6 9. h5 g5 10. Nxg5 cxd4 11. cxd4 Nxd4 12. Ndf3 Bc5 13. O-O h6 14. b4
hxg5 15. bxc5 Qxc5 16. Bxg5 Nc6 17. h6 Qb4 18. Re1 b6 19. Qc1 Bb7 20. Rb1
Qg4 21. Ba6 Nd4 22. Nh2 1-0

[Event "ch-IND National A"]
[Site "Calicut IND"]
[Date "2003.12.17"]
[Round "20"]
[White "Roktim,B"]
[Black "Sriram,J"]
[Result "1-0"]
[WhiteElo "2352"]
[BlackElo "2458"]
[EventDate "2003.12.04"]

1. c4 e5 2. Nc3 Nf6 3. Nf3 Nc6 4. a3 g6 5. g3 d5 6. cxd5 Nxd5 7. Bg2 Nde7
8. O-O Bg7 9. d3 O-O 10. Rb1 h6 11. b4 Be6 12. Na4 e4 13. Ne1 exd3 14. Nxd3
Ba2 15. Rb2 Bxb2 16. Bxb2 Bd5 17. Bh3 Be4 18. Nac5 Bf5 19. Bxf5 Nxf5 20.
Nxb7 Qe7 21. Nf4 Rfe8 22. Qd5 Qe4 23. Qxe4 Rxe4 24. Rc1 Ncd4 25. Kf1 g5 26.
Nd5 Re5 27. e4 Kf8 28. Nxc7 Rb8 29. Nc5 Re7 30. exf5 Nxf5 31. Nd5 1-0

[Event "ch-IND National A"]
[Site "Calicut IND"]
[Date "2003.12.18"]
[Round "21"]
[White "Prathamesh,S"]
[Black "Roktim,B"]
[Result "1/2-1/2"]
[WhiteElo "2379"]
[BlackElo "2352"]
[EventDate "2003.12.04"]

1. e4 e5 2. Nf3 Nc6 3. Bb5 Nf6 4. O-O Nxe4 5. d4 Nd6 6. Bxc6 dxc6 7. dxe5
Nf5 8. Qxd8+ Kxd8 9. b3 a5 10. Nc3 Bb4 11. Bb2 Bxc3 12. Bxc3 h6 13. h3 Be6
14. g4 Ne7 15. Kh2 Nd5 16. Bd2 Nb4 17. c3 Nd3 18. Rad1 Kc8 19. Be3 Bd5 20.
Nd4 Nxe5 21. Nf5 Bf3 22. Rd2 Be4 23. Ne7+ Kb8 24. Kg3 Re8 25. Nf5 Bxf5 26.
gxf5 1/2-1/2

[Event "ch-IND National A"]
[Site "Calicut IND"]
[Date "2003.12.18"]
[Round "21"]
[White "Das,A"]
[Black "Sundararajan,K"]
[Result "1/2-1/2"]
[WhiteElo "2299"]
[BlackElo "2446"]
[EventDate "2003.12.04"]

1. e4 c5 2. Nf3 d6 3. d4 cxd4 4. Nxd4 Nf6 5. Nc3 e6 6. Be3 a6 7. g4 h6 8.
Bg2 Nc6 9. h3 Qc7 10. f4 Be7 11. Qe2 Nxd4 12. Bxd4 e5 13. Be3 Be6 14. O-O-O
Rc8 15. Kb1 exf4 16. Bxf4 O-O 17. Qd2 Qb6 18. Be3 Qc7 19. Bf4 Rfd8 20. Bf3
Ne8 21. Nd5 Bxd5 22. exd5 Bf6 23. Be3 Qe7 24. Bb6 Nc7 25. Rde1 Qd7 26. c4
Re8 27. Be4 Bh4 28. Re2 Na8 29. Bf5 Rxe2 30. Qxe2 Re8 31. Bxd7 Rxe2 32. Bd4
Bf2 33. Bxf2 Rxf2 34. b3 Nb6 35. Bf5 g6 36. Bd3 Rd2 37. Bc2 Nd7 38. Kb2 a5
39. a3 b6 40. Re1 Kf8 41. b4 Rf2 42. Re3 Ne5 43. Kc3 Rf4 44. Bb3 f6 45. Ba2
Ke7 46. Kb3 Kd7 47. Ka4 axb4 48. axb4 Rf2 49. Bb3 Rf3 50. Rxf3 Nxf3 51. Bc2
g5 52. Be4 Nd4 53. Bd3 Kc7 54. Be4 Ne2 55. Bd3 Nd4 56. Be4 Ne2 57. Bd3 Nd4
1/2-1/2

[Event "ch-IND National A"]
[Site "Calicut IND"]
[Date "2003.12.18"]
[Round "21"]
[White "Roy Chowdhury,S"]
[Black "Venkatesh,M"]
[Result "1/2-1/2"]
[WhiteElo "2421"]
[BlackElo "2401"]
[EventDate "2003.12.04"]

1. c4 c5 2. Nc3 b6 3. Nf3 Bb7 4. e4 d6 5. d4 cxd4 6. Nxd4 Nf6 7. f3 g6 8.
Be3 Bg7 9. Be2 O-O 10. O-O Nbd7 11. Qd2 Rc8 12. Rac1 a6 13. Rfd1 Re8 14.
Bf1 e6 15. Nc2 Bf8 16. Qf2 Qc7 17. Rd2 Ba8 18. Rcd1 Qb7 19. Bd4 1/2-1/2

[Event "ch-IND National A"]
[Site "Calicut IND"]
[Date "2003.12.18"]
[Round "21"]
[White "Neelotpal,D"]
[Black "Sareen,V"]
[Result "1-0"]
[WhiteElo "2443"]
[BlackElo "2367"]
[EventDate "2003.12.04"]

1. e4 c5 2. Nf3 Nc6 3. d4 cxd4 4. Nxd4 Nf6 5. Nc3 e5 6. Ndb5 d6 7. Nd5 Nxd5
8. exd5 Ne7 9. c3 Nf5 10. Bd3 Be7 11. O-O a6 12. Na3 Nh4 13. f4 exf4 14.
Bxf4 Ng6 15. Be3 Ne5 16. Nc4 O-O 17. Bb6 Qe8 18. Qc2 Qb5 19. a4 Qxd5 20.
Nxe5 dxe5 21. Bxh7+ Kh8 22. Be4 Qe6 23. Qf2 f5 24. Bc2 e4 25. Rad1 Qg6 26.
Bc5 Bxc5 27. Qxc5 Re8 28. Rd6 Qg5 29. Bb3 e3 30. Rf3 g6 31. Rh3+ 1-0

[Event "ch-IND National A"]
[Site "Calicut IND"]
[Date "2003.12.18"]
[Round "21"]
[White "Hariharan,V"]
[Black "Sandipan,C"]
[Result "0-1"]
[WhiteElo "2245"]
[BlackElo "2504"]
[EventDate "2003.12.04"]

1. e4 c5 2. Nf3 e6 3. d4 cxd4 4. Nxd4 Nf6 5. Nc3 d6 6. Be2 Be7 7. O-O Nc6
8. Be3 Bd7 9. Nb3 a6 10. a4 b6 11. f4 O-O 12. Bf3 Qc7 13. Kh1 Rfe8 14. Qe2
Bc8 15. Qc4 Bb7 16. Rae1 Rac8 17. Qe2 Nd7 18. g4 Nc5 19. Nxc5 bxc5 20. Bg2
Nb4 21. Bc1 d5 22. e5 d4 23. Ne4 c4 24. Qf2 d3 25. c3 Nc2 26. Rd1 Bc6 27.
f5 Qxe5 28. Bf4 Qxe4 0-1

[Event "ch-IND National A"]
[Site "Calicut IND"]
[Date "2003.12.19"]
[Round "22"]
[White "Ravi,Th"]
[Black "Satyapragyan,S"]
[Result "0-1"]
[WhiteElo "2380"]
[BlackElo "2415"]
[EventDate "2003.12.04"]

1. e4 e6 2. d4 d5 3. Nd2 Nf6 4. e5 Nfd7 5. f4 c5 6. c3 Nc6 7. Ndf3 cxd4 8.
cxd4 f5 9. a3 a5 10. b3 Be7 11. Bd3 O-O 12. Ne2 Nb6 13. Rg1 Bd7 14. g4 Be8
15. gxf5 exf5 16. Ng3 Bg6 17. Qc2 Bh4 18. Qg2 a4 19. b4 Bh5 20. Nxh4 Qxh4
21. Kf1 Bg4 22. Qf2 Bh3+ 23. Ke1 Nd8 24. Ne4 Qh6 25. Ng5 Rc8 26. Rg3 Bg4
27. Nxh7 Qxh7 28. Rxg4 Rc3 29. Rg3 Rc6 30. Qg2 Rh6 31. h3 Ne6 32. Be3 Rh4
33. Rg6 Rxh3 34. Rxe6 Rxe3+ 35. Kd2 Rh3 36. Rg6 Qh4 37. Rf1 Rh2 38. Rxb6
Rxg2+ 0-1